[Event "4NCL Division Four"]
[Site "Warwick, ENG"]
[Date "2024.02.10"]
[Round "5.125"]
[White "Ravi, Vash"]
[Black "Salvi, Siddhi"]
[Result "1-0"]
[WhiteElo "1434"]
[BlackElo "970"]
[Annotator "famil"]
[PlyCount "87"]
[EventDate "2024.02.10"]
[WhiteTeam "She Plays To Win Uni"]
[BlackTeam "Watford B"]

{[%evp 0,71,19,31,19,0,5,13,0,-20,-16,-30,19,17,21,25,56,54,157,73,222,100,243,77,296,279,336,322,768,645,751,773,770,576,578,583,583,583,595,588,587,624,620,632,631,627,899,911,908,849,875,883,893,932,947,950,941,841,852,847,1036,906,1102,1182,29983,1383,29983,29986,29987,29984,29985,29982,29983,29986]} 1. d4 d5 2. c4 Nf6 3. Nc3 e6 4. cxd5 exd5 5. Bf4 a6 6. e3 Bf5 7. Bd3 Bg6 8. Nf3 Ne4 9. Ne5 Bf5 10. O-O Be7 11. Qh5 Bg6 12. Nxg6 fxg6 13. Qxd5 Nd7 14. Nxe4 c6 15. Qe6 Nf8 16. Nd6+ Qxd6 17. Qxd6 Bxd6 18. Bxd6 Ne6 19. f4 Rd8 20. Be5 Rf8 21. f5 gxf5 22. Bxf5 g6 23. Bxe6 Ke7 24. Rxf8 Rxf8 25. Bh3 h5 26. Rf1 Rxf1+ 27. Kxf1 g5 28. g4 h4 29. Bg2 Kf7 30. Ke2 Kg6 31. Be4+ Kh6 32. Kd3 b5 33. Bxc6 Kh7 34. Bd5 Kg6 35. Ke4 b4 36. Be6 a5 37. Kd5 a4 38. Kd6 Kh7 39. Bf7 Kh6 40. Ke6 h3 41. Bh5 Kh7 42. Kf7 b3 43. Bg7 bxa2 44. Bg6# 1-0

[Event "4NCL Division Four"]
[Site "Warwick, ENG"]
[Date "2024.02.10"]
[Round "5.126"]
[White "Pintescu, Iustin"]
[Black "Haridas, Navieinaah"]
[Result "0-1"]
[WhiteElo "787"]
[BlackElo "1186"]
[PlyCount "46"]
[EventDate "2024.02.10"]
[WhiteTeam "Watford B"]
[BlackTeam "She Plays To Win Uni"]

1. e4 e5 2. Nf3 Nc6 3. Bc4 Bc5 4. d3 d6 5. O-O Nf6 6. Nc3 a6 7. Bd2 Na5 8. Qe2 Nxc4 9. dxc4 O-O 10. Bg5 h6 11. Bxf6 Qxf6 12. Rae1 c6 13. Na4 Ba7 14. h3 Qg6 15. Nh4 Qg3 16. c5 Qxh4 17. g3 Qxh3 18. cxd6 Qxg3+ 19. Kh1 Qh4+ 20. Kg1 Bh3 21. Qd3 Qg4+ 22. Qg3 Qxg3+ 23. Kh1 Qg2# 0-1

[Event "4NCL Division Four"]
[Site "Warwick, ENG"]
[Date "2024.02.10"]
[Round "5.131"]
[White "Kovalyova, Taisiya"]
[Black "Collins, Nigel"]
[Result "1/2-1/2"]
[WhiteElo "1666"]
[BlackElo "1504"]
[PlyCount "38"]
[EventDate "2024.02.10"]
[WhiteTeam "Oxford 4"]
[BlackTeam "War and Piece B"]

1. d4 Nf6 2. Bf4 g6 3. e3 Bg7 4. Be2 O-O 5. Nd2 d6 6. c3 Nbd7 7. h4 c5 8. h5 cxd4 9. exd4 e5 10. dxe5 dxe5 11. Bg3 Re8 12. hxg6 hxg6 13. Qc2 Nb6 14. Ngf3 Bf5 15. Ne4 Rc8 16. Qb1 Bg4 17. Bxe5 Bxf3 18. Bxf3 Ng4 19. Bxg7 Kxg7 1/2-1/2

[Event "4NCL Division Four"]
[Site "Warwick, ENG"]
[Date "2024.02.10"]
[Round "5.132"]
[White "Blair, Jimmy"]
[Black "Curran, David P"]
[Result "1-0"]
[WhiteElo "1477"]
[BlackElo "1645"]
[PlyCount "59"]
[EventDate "2024.02.10"]
[WhiteTeam "War and Piece B"]
[BlackTeam "Oxford 4"]

1. e4 c5 2. Nf3 a6 3. Nc3 e6 4. e5 Nc6 5. d3 d5 6. Bg5 Qc7 7. Be2 Nxe5 8. Nxe5 Qxe5 9. Bh4 Qf4 10. Bg3 Qb4 11. O-O Qxb2 12. Na4 Qb5 13. c4 Qc6 14. Rb1 b5 15. cxb5 axb5 16. d4 c4 17. Nc5 Bxc5 18. dxc5 Qxc5 19. Be5 f6 20. Bd4 Qc6 21. f4 Rxa2 22. f5 e5 23. Bh5+ Kd8 24. Ra1 Rxa1 25. Qxa1 exd4 26. Qa5+ Kd7 27. Re1 Kd6 28. Be8 Qc7 29. Qa3+ Qc5 30. Qg3# 1-0

[Event "4NCL Division Four"]
[Site "Warwick, ENG"]
[Date "2024.02.10"]
[Round "5.133"]
[White "Bush, Ian"]
[Black "Charles, Steven"]
[Result "1-0"]
[WhiteElo "1716"]
[BlackElo "1429"]
[PlyCount "61"]
[EventDate "2024.02.10"]
[WhiteTeam "Oxford 4"]
[BlackTeam "War and Piece B"]

1. e4 c6 2. d4 d5 3. exd5 cxd5 4. c4 Nf6 5. Nc3 g6 6. Qb3 Bg7 7. cxd5 O-O 8. Be2 Nbd7 9. Nh3 Nb6 10. Nf4 Bg4 11. f3 Bc8 12. a4 g5 13. a5 gxf4 14. axb6 a6 15. Bxf4 Nd7 16. Bc7 Qe8 17. Rd1 Kh8 18. O-O Nf6 19. Bd3 Ng4 20. fxg4 Bxd4+ 21. Kh1 Bxg4 22. Be2 Bxe2 23. Nxe2 Bg7 24. Ng3 e6 25. Nh5 Qd7 26. Nxg7 Kxg7 27. Qg3+ Kh8 28. Be5+ f6 29. Bxf6+ Rxf6 30. Rxf6 Qa4 31. Rdf1 1-0

[Event "4NCL Division Four"]
[Site "Warwick, ENG"]
[Date "2024.02.10"]
[Round "5.134"]
[White "Rogers, Jonathan"]
[Black "Rumsby, Stephen"]
[Result "0-1"]
[WhiteElo "1400"]
[BlackElo "1538"]
[PlyCount "72"]
[EventDate "2024.02.10"]
[WhiteTeam "War and Piece B"]
[BlackTeam "Oxford 4"]

1. d4 Nf6 2. Nc3 e6 3. Bf4 d5 4. e3 a6 5. Bd3 Nbd7 6. Nf3 c5 7. dxc5 Nxc5 8. Ne5 Nxd3+ 9. cxd3 Be7 10. O-O O-O 11. d4 b5 12. a3 Nd7 13. Qg4 f5 14. Qg3 Nxe5 15. Bh6 Ng6 16. Bf4 Nxf4 17. exf4 Bb7 18. Rfe1 Rf6 19. Rac1 Qb6 20. Qd3 Rg6 21. Ne2 b4 22. Ng3 Bd6 23. Nh5 Rf8 24. Re2 a5 25. Rce1 Bb8 26. Kh1 Ba6 27. Qd2 Bxe2 28. Rxe2 Ba7 29. Qe1 Qxd4 30. Ng3 Re8 31. Nxf5 Qxf4 32. Ne3 Bxe3 33. Rxe3 bxa3 34. Rxa3 Qb4 35. Qa1 Rc8 36. Rxa5 Qxa5 0-1

[Event "4NCL Division Four"]
[Site "Warwick, ENG"]
[Date "2024.02.10"]
[Round "5.135"]
[White "Kocan, Barry A"]
[Black "Bradley, Eric"]
[Result "1/2-1/2"]
[WhiteElo "1516"]
[BlackElo "1397"]
[PlyCount "54"]
[EventDate "2024.02.10"]
[WhiteTeam "Oxford 4"]
[BlackTeam "War and Piece B"]

1. e4 d6 2. d4 Nd7 3. Bc4 Ngf6 4. Nc3 e5 5. Nf3 h6 6. O-O Be7 7. Re1 c6 8. Bb3 Qc7 9. h3 g5 10. Be3 Nf8 11. Qe2 Ng6 12. Rad1 Nf4 13. Bxf4 gxf4 14. dxe5 dxe5 15. Kh1 Bd7 16. Rd2 Rh7 17. a4 O-O-O 18. Red1 Rg7 19. Na2 Rdg8 20. Ne1 Kb8 21. Qf3 Rd8 22. Bc4 Ng4 23. Qb3 Nf6 24. Bxf7 Nxe4 25. Re2 Nc5 26. Qc4 Rf8 27. Bh5 Be6 1/2-1/2

[Event "4NCL Division Four"]
[Site "Warwick, ENG"]
[Date "2024.03.09"]
[Round "7.11"]
[White "Larkin, Benjamin"]
[Black "Cooper, John G"]
[Result "1-0"]
[WhiteElo "2127"]
[BlackElo "2292"]
[Annotator "Yogi"]
[PlyCount "83"]
[EventDate "2024.03.09"]
[WhiteTeam "ToBeDecided"]
[BlackTeam "North West Eagles"]

1. e4 c5 2. Nf3 e6 3. d4 cxd4 4. Nxd4 Nf6 5. Nc3 d6 6. g4 h6 7. Rg1 Nc6 8. Be3 d5 9. Bb5 Bd7 10. exd5 exd5 11. Qe2 Bb4 12. Nxc6 Bxc6 13. Bd4+ Qe7 14. O-O-O O-O 15. g5 Qxe2 16. Bxe2 Ne4 17. Nxe4 dxe4 18. Bc4 g6 19. gxh6 Kh7 20. Bg7 Bc5 21. Bxf8 Rxf8 22. Rgf1 Kxh6 23. Bd5 Kg5 24. Bxc6 bxc6 25. Rd7 Kf4 26. Rc7 Kf3 27. Rxc6 Kg2 28. Re1 Bxf2 29. Rxe4 f5 30. Rxg6+ Kf3 31. Ree6 f4 32. Kd1 Rh8 33. Rh6 Rg8 34. Reg6 Rd8+ 35. Rd6 Rg8 36. Rh3+ Kg2 37. Rdd3 Re8 38. Rhf3 Re4 39. c3 Re1+ 40. Kd2 Re3 41. Rdxe3 fxe3+ 42. Rxe3 1-0

[Event "4NCL Division Four"]
[Site "Warwick, ENG"]
[Date "2024.03.09"]
[Round "7.12"]
[White "Redmond, John P"]
[Black "Gurner, Jem"]
[Result "1-0"]
[WhiteElo "2271"]
[BlackElo "2102"]
[PlyCount "65"]
[EventDate "2024.03.09"]
[WhiteTeam "North West Eagles"]
[BlackTeam "ToBeDecided"]

1. d4 Nf6 2. c4 g6 3. Nc3 Bg7 4. Nf3 O-O 5. Bg5 d6 6. e3 Nbd7 7. Be2 e5 8. Qc2 c6 9. O-O Qc7 10. Rad1 Re8 11. dxe5 dxe5 12. Nd2 a5 13. Nde4 h6 14. Bh4 g5 15. Bg3 Nxe4 16. Nxe4 Rf8 17. Nd6 Nc5 18. f4 exf4 19. exf4 Ne6 20. fxg5 Qb6+ 21. Bf2 Qxb2 22. Qxb2 Bxb2 23. gxh6 Nf4 24. Bf3 Be6 25. Bd4 Bxd4+ 26. Rxd4 Ng6 27. Nxb7 Ne5 28. Be2 Rfb8 29. Nc5 Rb2 30. Re4 Ng6 31. Nxe6 Re8 32. Bd3 Rd2 33. Ng5 1-0

[Event "4NCL Division Four"]
[Site "Warwick, ENG"]
[Date "2024.03.09"]
[Round "7.13"]
[White "Cave, Iwan"]
[Black "Williamson, Roger G"]
[Result "1/2-1/2"]
[WhiteElo "2178"]
[BlackElo "2203"]
[PlyCount "107"]
[EventDate "2024.03.09"]
[WhiteTeam "ToBeDecided"]
[BlackTeam "North West Eagles"]

1. d4 d5 2. c4 e6 3. Nf3 c5 4. cxd5 exd5 5. Nc3 Nc6 6. Bf4 Nf6 7. e3 Be7 8. Be2 O-O 9. O-O c4 10. Ne5 Be6 11. b3 Qa5 12. Nxc6 bxc6 13. Qc2 Rfd8 14. bxc4 dxc4 15. Rfd1 Rac8 16. h3 Nd5 17. Ne4 Nxf4 18. exf4 Qf5 19. Bxc4 Bxc4 20. Qxc4 Qxe4 21. Re1 Qxd4 22. Qxd4 Rxd4 23. Rxe7 Ra4 24. Rd1 Rxa2 25. Rdd7 Rf8 26. Rc7 Ra4 27. g3 Ra6 28. Kg2 h6 29. g4 Ra4 30. f5 Ra6 31. Kg3 Ra4 32. Rxc6 a5 33. Rcc7 Ra3+ 34. f3 Ra1 35. Ra7 a4 36. Re4 a3 37. Rea4 Rc8 38. Rxa3 Rxa3 39. Rxa3 Rc4 40. h4 f6 41. f4 Rc1 42. Ra2 Rc5 43. Rd2 Ra5 44. Kf3 Ra3+ 45. Ke4 Rg3 46. Rd8+ Kh7 47. g5 hxg5 48. hxg5 fxg5 49. fxg5 Rxg5 50. Ke5 g6 51. Rd7+ Kh6 52. Rf7 Rxf5+ 53. Rxf5 gxf5 54. Kxf5 1/2-1/2

[Event "4NCL Division Four"]
[Site "Warwick, ENG"]
[Date "2024.03.09"]
[Round "7.14"]
[White "Kee, Steve"]
[Black "Rathbone-Jones, Ifan"]
[Result "1-0"]
[WhiteElo "2146"]
[BlackElo "2101"]
[PlyCount "95"]
[EventDate "2024.03.09"]
[WhiteTeam "North West Eagles"]
[BlackTeam "ToBeDecided"]

1. c4 b5 2. cxb5 a6 3. d4 Nf6 4. Nf3 Bb7 5. e3 h5 6. Nc3 h4 7. h3 g6 8. bxa6 Nxa6 9. d5 Bg7 10. e4 d6 11. Bb5+ Kf8 12. O-O Nc5 13. Re1 Rh5 14. Bg5 Bc8 15. Qd2 Rb8 16. Bc4 Nh7 17. Be3 Nd7 18. Nd4 Bxd4 19. Bxd4 Nhf6 20. f4 Nb6 21. Be2 Rh7 22. b3 Bd7 23. Bf3 Qc8 24. Kh2 Nh5 25. Bxh5 Rxh5 26. Re2 c6 27. dxc6 Bxc6 28. Rf1 f6 29. e5 dxe5 30. fxe5 Qc7 31. Qf4 f5 32. Qf2 Nd5 33. Ne4 Bb5 34. Nc5 Qc8 35. Rc1 Bxe2 36. Qxe2 e6 37. a4 Qe8 38. Qa6 Rb6 39. Nd7+ Qxd7 40. Bxb6 Rg5 41. Qa8+ Kg7 42. Rc8 Rxg2+ 43. Kxg2 Nf4+ 44. Kh1 Qd1+ 45. Bg1 Ne2 46. Rg8+ Kh6 47. Rh8+ Kg5 48. Qe8 1-0

[Event "4NCL Division Four"]
[Site "Warwick, ENG"]
[Date "2024.03.09"]
[Round "7.15"]
[White "Honey, Luke Anthony"]
[Black "Kennaugh, Charles W"]
[Result "1-0"]
[WhiteElo "1999"]
[BlackElo "2221"]
[PlyCount "91"]
[EventDate "2024.03.09"]
[WhiteTeam "ToBeDecided"]
[BlackTeam "North West Eagles"]

1. e4 e5 2. Nf3 Nc6 3. d4 exd4 4. Bc4 Nf6 5. e5 d5 6. Bb5 Ne4 7. Nxd4 Bd7 8. Bxc6 bxc6 9. O-O Bc5 10. f3 Ng5 11. f4 Ne4 12. Be3 Bb6 13. Nd2 Nxd2 14. Qxd2 c5 15. Nf3 d4 16. Bf2 Bf5 17. a4 a5 18. Nh4 Qd7 19. Rae1 O-O-O 20. Qe2 Kb8 21. Nxf5 Qxf5 22. Qc4 Qe6 23. Qa6 c4 24. Kh1 g6 25. Rb1 c5 26. c3 Rc8 27. b3 cxb3 28. c4 Kc7 29. Bg3 Rhd8 30. f5 gxf5 31. Rxb3 Ra8 32. Qb5 Rab8 33. Rbf3 Ba7 34. Qxa5+ Bb6 35. Qd2 Rb7 36. Rxf5 Kc8 37. Qd3 Ba5 38. Rf6 Qe8 39. Qf5+ Qd7 40. e6 fxe6 41. Qxc5+ Bc7 42. a5 Kb8 43. a6 Rb6 44. a7+ Kb7 45. Bxc7 Qxc7 46. Rf7 1-0

[Event "4NCL Division Four"]
[Site "Warwick, ENG"]
[Date "2024.03.09"]
[Round "7.16"]
[White "Duke, Michael"]
[Black "Davies, Callum"]
[Result "1-0"]
[WhiteElo "2054"]
[BlackElo "1696"]
[PlyCount "109"]
[EventDate "2024.03.09"]
[WhiteTeam "North West Eagles"]
[BlackTeam "ToBeDecided"]

1. d4 Nf6 2. c4 g6 3. h4 h6 4. Nc3 d5 5. h5 g5 6. cxd5 Nxd5 7. e4 Nxc3 8. bxc3 Bg7 9. f4 gxf4 10. Bxf4 e5 11. Be3 exd4 12. cxd4 c5 13. dxc5 Bc3+ 14. Bd2 Bxa1 15. Qxa1 f6 16. Nf3 Qe7 17. Qc3 Nd7 18. Bb5 Kf7 19. Bxd7 Qxe4+ 20. Kf2 Bxd7 21. Rh4 Bg4 22. Qb3+ Ke7 23. c6 Qxc6 24. Rxg4 Qb6+ 25. Be3 Qxb3 26. axb3 Kf7 27. Rf4 Ke6 28. Nd4+ Ke7 29. Nf5+ Ke6 30. g4 a5 31. Re4+ Kd5 32. Rd4+ Ke5 33. Bf4+ Ke6 34. Rd6+ Kf7 35. Nxh6+ Ke8 36. Nf5 Kf7 37. Rd7+ Ke6 38. Rxb7 a4 39. bxa4 Rxa4 40. Kf3 Ra3+ 41. Ne3 Ra1 42. Rb6+ Kf7 43. Nd5 Ra3+ 44. Be3 Rh6 45. Rb7+ Ke6 46. Nf4+ Ke5 47. Ng6+ Ke6 48. Ke4 Ra4+ 49. Bd4 Ra6 50. Re7+ Kd6 51. Bxf6 Ra4+ 52. Kf5 Rxg6 53. hxg6 Ra5+ 54. Kf4 Ra8 55. g7 1-0

[Event "4NCL Division Four"]
[Site "Warwick, ENG"]
[Date "2024.03.09"]
[Round "7.21"]
[White "Pink, Joshua"]
[Black "Norris, Ethan"]
[Result "1/2-1/2"]
[WhiteElo "1823"]
[BlackElo "2024"]
[PlyCount "100"]
[EventDate "2024.03.09"]
[WhiteTeam "Coventry"]
[BlackTeam "Average Woodpushers"]

1. e4 c5 2. Nf3 a6 3. b4 cxb4 4. d4 d5 5. Nbd2 dxe4 6. Nxe4 Qd5 7. Bd3 Bf5 8. Qe2 Nc6 9. Bf4 e6 10. Rd1 Be7 11. O-O Rd8 12. Rfe1 b5 13. c4 bxc4 14. Bxc4 Qxe4 15. Qxe4 Bxe4 16. Rxe4 Nf6 17. Ree1 Nd5 18. Bxa6 O-O 19. Be5 Bf6 20. Bb7 Nce7 21. Rb1 Rd7 22. Bxf6 Rxb7 23. Bxe7 Rxe7 24. Ne5 Rc8 25. Nd3 Rb7 26. Rec1 Rxc1+ 27. Rxc1 Kf8 28. Kf1 Ke7 29. Rb1 Kd6 30. a3 Nc3 31. Rxb4 Rxb4 32. Nxb4 Nb5 33. Nc2 Kd5 34. Ke2 Kc4 35. Ke3 Kc3 36. a4 Nd6 37. Na3 Kb4 38. Nb5 Nxb5 39. axb5 Kxb5 40. Ke4 Kc6 41. Ke5 Kd7 42. f4 f6+ 43. Ke4 Kd6 44. g4 g6 45. g5 f5+ 46. Ke3 Kd5 47. Kd3 Kd6 48. Kc4 Kc6 49. Kc3 Kd5 50. Kd3 Kd6 1/2-1/2

[Event "4NCL Division Four"]
[Site "Warwick, ENG"]
[Date "2024.03.09"]
[Round "7.22"]
[White "McLean, Robert"]
[Black "Ireland, David J"]
[Result "1-0"]
[WhiteElo "2089"]
[BlackElo "1851"]
[PlyCount "113"]
[EventDate "2024.03.09"]
[WhiteTeam "Average Woodpushers"]
[BlackTeam "Coventry"]

1. e4 e5 2. Nf3 Nf6 3. Nxe5 Nxe4 4. Qe2 Qe7 5. Qxe4 d6 6. d4 dxe5 7. dxe5 Nc6
8. Nc3 Qxe5 9. Qxe5+ Nxe5 10. Nb5 Bb4+ 11. c3 Ba5 12. Bf4 f6 13. Nd4 O-O 14.
Bxe5 fxe5 15. Bc4+ Kh8 16. Nf3 Bg4 17. Ng5 h6 18. Ne4 Bf5 19. Ng3 Bg6 20. O-O
Bb6 21. Rae1 Rae8 22. Re2 Rf4 23. b3 Ref8 24. Nh1 Rxc4 25. bxc4 Bd3 26. Rxe5
Bxf1 27. Kxf1 Rf4 28. c5 Ba5 29. c6 b6 30. Re7 b5 31. Re5 Ra4 32. Rxb5 Rxa2 33.
Ng3 Bxc3 34. Ne4 Bd4 35. Rd5 Bb6 36. f4 Rc2 37. f5 Rxc6 38. Rd8+ Kh7 39. g4
Rc1+ 40. Kg2 Rg1+ 41. Kf3 Rf1+ 42. Kg3 Be3 43. h4 a5 44. Ra8 h5 45. Kg2 Rg1+
46. Kf3 Bc1 47. g5 Rf1+ 48. Nf2 g6 49. f6 Ba3 50. Kg2 Rb1 51. Rc8 Rb2 52. Kf3
Rb3+ 53. Kg2 Bd6 54. Ne4 Rb7 55. f7 Bb4 56. Rg8 Be7 57. Nf6+ 1-0

[Event "4NCL Division Four"]
[Site "Warwick, ENG"]
[Date "2024.03.09"]
[Round "7.23"]
[White "Goodwin, Ed H"]
[Black "Wong, Chun Hei"]
[Result "1-0"]
[WhiteElo "1813"]
[BlackElo "2084"]
[PlyCount "61"]
[EventDate "2024.03.09"]
[WhiteTeam "Coventry"]
[BlackTeam "Average Woodpushers"]

1. d4 Nf6 2. c4 e6 3. Nf3 d5 4. Nc3 c6 5. e3 Nbd7 6. Bd3 dxc4 7. Bxc4 b5 8. Bd3 Bb7 9. O-O a6 10. Re1 c5 11. Qe2 Be7 12. b3 O-O 13. Bb2 cxd4 14. exd4 Nb6 15. Rad1 Nbd5 16. Nxd5 Qxd5 17. Qf1 Bb4 18. Re5 Qd7 19. Qe2 Bd6 20. Re3 Nd5 21. Ne5 Bxe5 22. dxe5 Qe7 23. Bxh7+ Kxh7 24. Qh5+ Kg8 25. Rh3 f6 26. exf6 Nxf6 27. Bxf6 Qxf6 28. Qh7+ Kf7 29. Qh5+ g6 30. Qh7+ Ke8 31. Qd7# 1-0

[Event "4NCL Division Four"]
[Site "Warwick, ENG"]
[Date "2024.03.09"]
[Round "7.24"]
[White "Bak, Andrew"]
[Black "Edwards, Rhys"]
[Result "0-1"]
[WhiteElo "2038"]
[BlackElo "1658"]
[PlyCount "46"]
[EventDate "2024.03.09"]
[WhiteTeam "Average Woodpushers"]
[BlackTeam "Coventry"]

1. e4 e5 2. Nf3 Nc6 3. Bc4 Nf6 4. Ng5 d5 5. exd5 b5 6. Bf1 Nd4 7. c3 Nxd5 8. Ne4 Qh4 9. Ng3 Nc6 10. Bxb5 Bb7 11. d4 O-O-O 12. Qa4 Qf6 13. dxe5 Nxe5 14. O-O h5 15. Qc2 h4 16. Ne4 Qg6 17. f4 Bc5+ 18. Kh1 Nxf4 19. Rxf4 Bxe4 20. Rxe4 Qxe4 21. Qe2 Qxe2 22. Bxe2 Nd3 23. Na3 Rhe8 0-1

[Event "4NCL Division Four"]
[Site "Warwick, ENG"]
[Date "2024.03.09"]
[Round "7.25"]
[White "Woolgar, Steven G"]
[Black "Pelling, Kyle"]
[Result "0-1"]
[WhiteElo "1613"]
[BlackElo "2038"]
[PlyCount "78"]
[EventDate "2024.03.09"]
[WhiteTeam "Coventry"]
[BlackTeam "Average Woodpushers"]

1. c4 g6 2. Nc3 Bg7 3. g3 c5 4. Bg2 Nc6 5. Nf3 e6 6. e3 Nge7 7. O-O O-O 8. d4 b6 9. b3 d5 10. cxd5 Nxd5 11. Bb2 Re8 12. Rc1 Ba6 13. Re1 Ncb4 14. Bf1 Bxf1 15. Kxf1 Nxc3 16. Bxc3 Nxa2 17. Rc2 Nxc3 18. Rxc3 Qd7 19. Rd3 Red8 20. Re2 e5 21. Rdd2 cxd4 22. exd4 exd4 23. Kg1 Rac8 24. Rd3 Rc5 25. Red2 Rd5 26. Ne1 a5 27. Nc2 b5 28. Na3 Bf8 29. Nc2 Bc5 30. Qa1 a4 31. bxa4 bxa4 32. Kg2 Qc6 33. Kg1 Qd7 34. Kg2 Rb8 35. Nxd4 Rd8 36. Ne6 Qxe6 37. Rxd5 Rxd5 38. Rxd5 Qxd5+ 39. Kg1 Qd4 0-1

[Event "4NCL Division Four"]
[Site "Warwick, ENG"]
[Date "2024.03.09"]
[Round "7.31"]
[White "Tivillier, Jacques"]
[Black "Madan, Augustin"]
[Result "0-1"]
[WhiteElo "1747"]
[BlackElo "2280"]
[PlyCount "72"]
[EventDate "2024.03.09"]
[WhiteTeam "Celtic Tigers 3"]
[BlackTeam "Desert Penguins"]

1. e4 c5 2. Nf3 d6 3. d4 cxd4 4. Nxd4 Nf6 5. Nc3 a6 6. Bg5 e6 7. f4 Qc7 8. Bxf6 gxf6 9. Qd2 h5 10. Be2 h4 11. O-O-O Nc6 12. Rhe1 Bd7 13. Kb1 Be7 14. Bf3 O-O-O 15. Nb3 Kb8 16. Nc1 Na5 17. Qd4 Nc4 18. Be2 Rc8 19. Bxc4 Qxc4 20. Nb3 Qxd4 21. Nxd4 Rcg8 22. Rd2 Rd8 23. f5 Rhg8 24. Ree2 Bf8 25. Rf2 Bh6 26. Rde2 h3 27. g3 d5 28. fxe6 fxe6 29. Nf3 dxe4 30. Nxe4 Rdf8 31. Nc5 Rd8 32. a3 Bb5 33. Re1 e5 34. Ng1 Rd4 35. Nd3 e4 36. Rxf6 Bd2 0-1

[Event "4NCL Division Four"]
[Site "Warwick, ENG"]
[Date "2024.03.09"]
[Round "7.32"]
[White "Bharat Kumar, Balahari"]
[Black "Sandhu, Jai"]
[Result "1/2-1/2"]
[WhiteElo "2060"]
[BlackElo "1755"]
[PlyCount "126"]
[EventDate "2024.03.09"]
[WhiteTeam "Desert Penguins"]
[BlackTeam "Celtic Tigers 3"]

1. d4 Nf6 2. c4 e6 3. Nf3 b6 4. a3 Bb7 5. Nc3 Be7 6. d5 d6 7. e4 a5 8. h3 Nbd7 9. Be3 Nc5 10. Nd2 e5 11. Be2 Nfd7 12. b4 axb4 13. axb4 Rxa1 14. Qxa1 Na6 15. Qa4 Nab8 16. c5 bxc5 17. bxc5 dxc5 18. O-O O-O 19. Rb1 Bc8 20. Qa7 Bg5 21. Rxb8 Nxb8 22. Qxb8 Bxe3 23. fxe3 Qg5 24. Qb2 Bxh3 25. Bf3 Qxe3+ 26. Kh2 Bd7 27. Nc4 Qd4 28. Be2 f5 29. Qd2 Qf2 30. Qe3 Qh4+ 31. Kg1 fxe4 32. g3 Qh3 33. Nxe4 Ra8 34. Ncd2 Ra1+ 35. Nf1 Bf5 36. Nf2 Qh6 37. Qxe5 Qf6 38. Qxf6 gxf6 39. Kg2 Ra2 40. Kf3 Ra3+ 41. Ne3 Bc8 42. Bc4 Kf8 43. Ne4 Ba6 44. Bxa6 Rxa6 45. Nxc5 Ra7 46. Ke4 Kf7 47. Nf5 Ra8 48. Nd4 Rg8 49. Nf5 Rg4+ 50. Kf3 Rc4 51. Ne4 Rc1 52. Nd4 h5 53. Ne6 Ke7 54. Ng7 Rd1 55. Nf5+ Kf7 56. Ne3 Rd3 57. Nc5 Rc3 58. Ne6 Kg6 59. Ke4 Rc1 60. Nf4+ Kg5 61. Nd3 Rg1 62. Kf3 h4 63. gxh4+ Kxh4 1/2-1/2

[Event "4NCL Division Four"]
[Site "Warwick, ENG"]
[Date "2024.03.09"]
[Round "7.33"]
[White "Sturt, Charles A"]
[Black "Bansal, Rohan"]
[Result "0-1"]
[WhiteElo "1617"]
[BlackElo "1977"]
[PlyCount "50"]
[EventDate "2024.03.09"]
[WhiteTeam "Celtic Tigers 3"]
[BlackTeam "Desert Penguins"]

1. d4 d5 2. Nf3 Nf6 3. e3 c5 4. b3 Nc6 5. Bb2 Bg4 6. h3 Bh5 7. g4 Bg6 8. Nh4 Be4 9. f3 Qc7 10. Kf2 cxd4 11. fxe4 Nxe4+ 12. Kg1 Qg3+ 13. Ng2 Qf2+ 14. Kh2 e6 15. Ba3 Nb4 16. Bb5+ Kd8 17. Bxb4 Bxb4 18. Re1 Bd6+ 19. Kh1 Ng3+ 20. Kh2 Nf5+ 21. Kh1 Ng3+ 22. Kh2 Ne2+ 23. Kh1 Qg3 24. Nf4 Qf3+ 25. Kh2 Qf2+ 0-1

[Event "4NCL Division Four"]
[Site "Warwick, ENG"]
[Date "2024.03.09"]
[Round "7.34"]
[White "Quillaud, Maxime"]
[Black "White, John"]
[Result "1-0"]
[WhiteElo "1852"]
[BlackElo "1546"]
[PlyCount "63"]
[EventDate "2024.03.09"]
[WhiteTeam "Desert Penguins"]
[BlackTeam "Celtic Tigers 3"]

1. d4 Nf6 2. c4 g6 3. Nc3 d5 4. cxd5 Nxd5 5. e4 Nxc3 6. bxc3 Bg7 7. Be3 O-O 8. Qd2 Re8 9. Rc1 c5 10. h3 a6 11. d5 Qa5 12. Be2 Rd8 13. f4 e6 14. Nf3 Nc6 15. O-O b5 16. Bxc5 Bb7 17. dxc6 Rxd2 18. cxb7 Rb8 19. Nxd2 Rxb7 20. Rc2 Qc7 21. Nb3 a5 22. e5 a4 23. Bd6 Qc6 24. Nd4 b4 25. Bxb4 Bf8 26. Bxf8 Kxf8 27. Kh2 a3 28. Rd1 Qc5 29. Nb3 Qe3 30. Rd4 Rc7 31. Bd3 h5 32. Rd2 1-0

[Event "4NCL Division Four"]
[Site "Warwick, ENG"]
[Date "2024.03.09"]
[Round "7.35"]
[White "Rigby, Charles"]
[Black "Sedykh, Stakhey"]
[Result "1-0"]
[WhiteElo "1529"]
[BlackElo "1601"]
[PlyCount "105"]
[EventDate "2024.03.09"]
[WhiteTeam "Celtic Tigers 3"]
[BlackTeam "Desert Penguins"]

1. d4 d5 2. c4 c6 3. Nc3 Nf6 4. Nf3 dxc4 5. Bg5 b5 6. a3 Nd5 7. e4 Nxc3 8. bxc3 Qa5 9. Qc1 Bg4 10. Ne5 Be6 11. Bf4 f6 12. Nf3 Nd7 13. Be2 Nb6 14. O-O Na4 15. Bd2 g6 16. Ne1 Bg7 17. f4 f5 18. Bf3 Rc8 19. Nc2 fxe4 20. Bxe4 c5 21. f5 gxf5 22. Bxf5 Bxf5 23. Rxf5 Rd8 24. Qd1 e6 25. Qh5+ Kd7 26. Qf7+ Kc8 27. Qxe6+ Rd7 28. Rf7 Bxd4+ 29. cxd4 Qd8 30. Bg5 Qc7 31. Bf4 Qb7 32. Re1 Rhd8 33. Qf5 b4 34. Ree7 b3 35. Rxd7 Qxd7 36. Rxd7 Rxd7 37. Qf8+ Rd8 38. Qf5+ Rd7 39. Qe6 b2 40. Qc6+ Kd8 41. Bg5+ Ke8 42. Qe6+ Kf8 43. Bh6+ Rg7 44. Bxg7+ Kxg7 45. Qe1 Nc3 46. dxc5 Ne2+ 47. Kf2 Nc1 48. Qc3+ Kf7 49. Qxc4+ Ke7 50. Qb5 a6 51. Qb7+ Kd8 52. c6 b1=Q 53. Qxb1 1-0

[Event "4NCL Division Four"]
[Site "Warwick, ENG"]
[Date "2024.03.09"]
[Round "7.36"]
[White "Ding, Yiwen"]
[Black "Rose, Peter"]
[Result "1-0"]
[WhiteElo "1666"]
[BlackElo "1458"]
[PlyCount "73"]
[EventDate "2024.03.09"]
[WhiteTeam "Desert Penguins"]
[BlackTeam "Celtic Tigers 3"]

1. d4 d5 2. c4 c6 3. Nc3 Nf6 4. e3 e6 5. b3 Be7 6. Bb2 O-O 7. Bd3 Nbd7 8. Nge2 e5 9. cxd5 cxd5 10. dxe5 Nxe5 11. Bc2 Nc6 12. O-O a6 13. Qd2 Bb4 14. a3 Bxc3 15. Qxc3 Ne7 16. Qd2 Ne4 17. Bxe4 dxe4 18. Qc3 f6 19. Rfd1 Qb6 20. Qc4+ Be6 21. Qxe4 Bxb3 22. Rd7 Nc6 23. Bd4 Nxd4 24. Nxd4 Bf7 25. Rxb7 Qa5 26. Qf5 Qc3 27. Qb1 Kh8 28. h3 Bg6 29. Qc1 Rac8 30. Qxc3 Rxc3 31. Ra7 Bd3 32. Ne6 Rfc8 33. Nxg7 Rc1+ 34. Rxc1 Rxc1+ 35. Kh2 Ra1 36. Ne6 Rxa3 37. Ra8# 1-0

[Event "4NCL Division Four"]
[Site "Warwick, ENG"]
[Date "2024.03.09"]
[Round "7.41"]
[White "Kothari, Jai"]
[Black "Davis, Lee"]
[Result "1-0"]
[WhiteElo "2034"]
[BlackElo "2076"]
[PlyCount "79"]
[EventDate "2024.03.09"]
[WhiteTeam "Guildford Young Guns"]
[BlackTeam "The Full Ponty"]

1. e4 g6 2. d4 d6 3. Nc3 Bg7 4. f4 Nf6 5. Nf3 O-O 6. h4 Bg4 7. Be3 c5 8. e5 dxe5 9. dxe5 Nh5 10. Kf2 Qxd1 11. Rxd1 Nc6 12. Bb5 a6 13. Bxc6 bxc6 14. Bxc5 Nxf4 15. Bxe7 Rfb8 16. b3 Bxf3 17. Kxf3 Bxe5 18. Bd6 Bxd6 19. Rxd6 Ne6 20. Ne4 Rd8 21. Rhd1 Rxd6 22. Rxd6 Rd8 23. Rxd8+ Nxd8 24. Nc5 a5 25. g4 h6 26. c3 Kf8 27. b4 axb4 28. cxb4 Ke7 29. a4 Kd6 30. Ke4 f6 31. h5 f5+ 32. Kf4 gxh5 33. gxh5 Nf7 34. a5 Ne5 35. a6 Nc4 36. Kxf5 Nb6 37. Kg6 Ke7 38. Kxh6 Kf6 39. Ne4+ Kf5 40. Kg7 1-0